Kith, kin, and neighbors (Record no. 21447)
[ view plain ]
| 000 -LEADER | |
|---|---|
| fixed length control field | 01864nam a2200349 a 4500 |
| 082 04 - DEWEY DECIMAL CLASSIFICATION NUMBER | |
| Classification number | 947.93 |
| 100 1# - MAIN ENTRY--AUTHOR NAME | |
| Personal name | Frick, David A. |
| 245 10 - TITLE STATEMENT | |
| Title | Kith, kin, and neighbors |
| 260 ## - PUBLICATION, DISTRIBUTION, ETC. (IMPRINT) | |
| Place of publication | Ithaca : |
| Name of publisher | Cornell University Press, |
| Year of publication | 2013. |
| 300 ## - PHYSICAL DESCRIPTION | |
| Number of Pages | xxiv, 529 p. : |
| Other physical details | ill. |
| 505 0# - FORMATTED CONTENTS NOTE | |
| Formatted contents note | Over the quartermaster's shoulder -- The neighbors -- One roof, four walls -- The bells of Wilno -- Speaking, writing, stereotyping -- Birth, baptism, godparenting -- Education and apprenticeship -- Courtship and marriage -- Marital discontents -- Guild house, workshop, guild altar -- Going to law : the language of litigation -- War, occupation, exile, liberation (1655-1661) -- Old age and poor relief -- Death in Wilno -- Epilogue : conflict and coexistence. |
| 856 40 - ELECTRONIC LOCATION AND ACCESS | |
| Uniform Resource Identifier | http://site.ebrary.com/lib/rucke/Doc?id=10699910 |
No items available.
